| 000 | 00695nam a2200193Ii 4500 | ||
|---|---|---|---|
| 003 | JO-AjNU | ||
| 008 | 230605s9999||||xx |||||||||||||| ||und|| | ||
| 040 |
_aJO-AjNU _bara _erda _cJO-AjNU |
||
| 041 | _aara | ||
| 050 | 1 | 4 | _aBP130.58.B37 2002 |
| 100 | 3 |
_aتاليف البطايحة، أبي عبادة عمر صالح, _eauthor _914279 |
|
| 245 | 0 | 0 | _aمنهج الدعوة في القصة القرآنية |
| 264 | 3 | 1 | _aاربد: دار الكتاب الثقافي، 2002 |
| 300 | _a246ص | ||
| 336 |
_atext _btxt _2rdacontent |
||
| 337 |
_aunmediated _bn _2rdamedia |
||
| 338 |
_avolume _bnc _2rdacarrier |
||
| 650 | 4 |
_aالدعوة الاسلامية - قصص القران - تفسير _914280 |
|
| 999 |
_aA3770 _c7338 _d7338 |
||